| 000 | 00808nam a22002535a 4500 | ||
|---|---|---|---|
| 008 | 100922t2006 caua|||fr|||| 001 0 eng d | ||
| 020 | _a0072262877 | ||
| 020 | _a9780072262872 | ||
| 040 |
_aEG-ScBuE _beng _cEG-ScBuE |
||
| 082 | 0 | 4 |
_a005.8 _bANT _222 |
| 245 | 0 | 0 |
_aAnti Hacker Tool Kit / _cMike Shema ... [et al.] |
| 250 | _a3rd ed. | ||
| 260 |
_aCalifornia : _bMcGraw-Hill, _cc.2006. |
||
| 300 |
_a799 p. : _bill. ; _c25 cm. |
||
| 500 | _aIndex : p. 787-799. | ||
| 590 | _ayassmeen ashraf | ||
| 650 | 0 |
_aElectronic digital computers--Programming _919800 _2BUEsh |
|
| 650 | 0 |
_aComputer programmers--United States _919801 _2BUEsh |
|
| 650 | 0 |
_aProgrammation des ordinateurs _919802 _2BUEsh |
|
| 651 | _2BUEsh | ||
| 653 |
_bCOMSCI _cAugust2015 |
||
| 700 | 1 |
_aShema, Mike _919799 |
|
| 942 |
_cBB _k005.8 ANT _2ddc |
||
| 999 |
_c2921 _d2921 |
||